000 00816nam a2200253Ia 4500
001 Z_5101
003 CHAP
005 20221021003019.0
007 ta
008 220113s2003 xx 000 0 und d
010 _a168158
040 _cCHAP
090 _aR-95
100 1 _aMaldonado Simán, Ema
_9141174
245 1 0 _aEvaluación de la eficacia del diazinón y la ivermectina en el control de la mosca del cuerno (Haematobia irritans) en bovinos en pastoreo en Tuxpán, Veracruz, México /
_cpor Ema Maldonado Simán y otros
260 _aMéxico, D. F. :
_bUNAM,
_c2003
300 _apáginas 261-267
500 _aReimpresión de la Revista Veterinaria México 34(3) 2003
650 1 _aMosca del cuerno
_xVeracruz
_9142423
901 _aR-95
902 _aM
910 _a2003
942 _cREIMP
_2local
999 _c168158
_d168158